000 00783nam a2200217 a 4500
001 000048163
005 20201002060948.0
008 181204s2012 dr a 000 0 spa d
020 _a9789945116618
040 _aDO-SdBNP
_bspa
_cBNPHU
082 _axxx
_bA452c, 8vo., 2012
100 1 _aAlmonte Isiano, Ana Iris
_975624
245 1 0 _aCívica 8 :
_beducación básica /
_cAna Iris Almonte Isiano, editora Fanny Capellán Almonte, ilustración Ruddy Núñez.
260 _aSanto Domingo :
_bSantillana,
_c2012.
300 _a2v. :
_bil., ;
_c28 cm.
490 1 _aInnova
505 0 _gv.1.
_tLibro texto --
_gv.2
_tEdición anotada para el profesor y la profesora
700 1 _aNúñez, Ruddy,
_eil.
_923171
700 1 _aCapellán Almonte, Fanny,
_eed.
_929766
830 0 _aInnova
_929570
999 _c47651
_d47651